000 00871nab a2200253 u 4500
001 11108
003 HDC
007 cr bn ---aaaaa
008 210206c mydr|nes 0 a eng d
040 _aHDC
100 _aSantos, Aurea,
_eauthor
_911336
245 0 _aArab Chamber prospecting for new deals in the UAE /
_cby Aurea Santos
260 _a[no place] :
_b[publisher not identified],
_c[no year]
336 _atext
_2rdacontent
337 _acomputer
_2rdamedia
338 _aonline resource
_2rdacarrier
650 _aHalal certificate
_9482
650 _aHalal industry
_9144
710 _aBrazil-Arab News Agency (ANBA)
856 _zRequest full-text at [email protected]
942 _2lcc
942 _cNEWS
942 _kNWSO 000312
999 _c8431
_d8431